[Event "Tiumen"]
[Site "Tiumen"]
[Date "2011.02.05"]
[Round "10"]
[White "Fathutdinov, Gafiat"]
[Black "Bacherikov, Vitaly Valerievich"]
[Result "1/2-1/2"]
[WhiteElo "2306"]
[BlackElo "2260"]
[PlyCount "58"]
[EventDate "2011.01.22"]
[EventType "tourn"]
[EventRounds "11"]
[EventCountry "RUS"]
[EventCategory "2"]
[SourceTitle "EXT 2012"]
[Source "ChessBase"]
[SourceDate "2011.11.24"]
[SourceVersion "1"]
[SourceVersionDate "2011.11.24"]
[SourceQuality "1"]

1. e4 c6 2. Nc3 d5 3. d4 dxe4 4. Nxe4 Nd7 5. Nf3 Ngf6 6. Ng3 e6 7. Bd3 Bd6 8. 0-0 Qc7 9. Re1 0-0 10. Qe2 b6 11. Ne4 Bf4 12. Bxf4 Qxf4 13. Rad1 Bb7 14. Nxf6+ gxf6 15. Ba6 Bxa6 16. Qxa6 Qd6 17. Rd3 Rfd8 18. Nd2 Nf8 19. Ne4 Qe7 20. Qc4 Rac8 21. Ng3 Rd5 22. c3 Ng6 23. Rf3 Qd8 24. Qa4 Ra5 25. Qb3 Rb5 26. Qc2 Nh4 27. Rf4 Ng6 28. Rf3 Nh4 29. Rf4 Ng6 1/2-1/2

[Event "Tiumen"]
[Site "Tiumen"]
[Date "2011.02.04"]
[Round "9"]
[White "Shanturov, Genady"]
[Black "Fathutdinov, Gafiat"]
[Result "0-1"]
[WhiteElo "2091"]
[BlackElo "2306"]
[PlyCount "74"]
[EventDate "2011.01.22"]
[EventType "tourn"]
[EventRounds "11"]
[EventCountry "RUS"]
[EventCategory "2"]
[SourceTitle "EXT 2012"]
[Source "ChessBase"]
[SourceDate "2011.11.24"]
[SourceVersion "1"]
[SourceVersionDate "2011.11.24"]
[SourceQuality "1"]

1. e4 c6 2. Nc3 d5 3. Nf3 Bg4 4. h3 Bxf3 5. Qxf3 e6 6. e5 Nd7 7. d4 c5 8. Nxd5 exd5 9. Qxd5 Ne7 10. Qxb7 Rb8 11. Qf3 cxd4 12. e6 fxe6 13. Bc4 Rb6 14. 0-0 Ng6 15. Re1 Nde5 16. Rxe5 Nxe5 17. Qh5+ Ng6 18. Bd3 e5 19. Bd2 Qf6 20. Bg5 Qf7 21. Qg4 Qc7 22. a4 Be7 23. a5 Rc6 24. Bxe7 Kxe7 25. Re1 Rf8 26. Qxd4 Qxa5 27. Re2 Qc5 28. Qg4 a5 29. Qh5 Kd8 30. Qxh7 Nf4 31. Rd2 Rd6 32. Qxg7 Rd7 33. Qg5+ Kc7 34. Kh2 Qd5 35. f3 Qe6 36. Qg3 Rg8 37. Qe1 Rxg2+ 0-1

[Event "Tiumen"]
[Site "Tiumen"]
[Date "2011.01.29"]
[Round "6"]
[White "Fathutdinov, Gafiat"]
[Black "Yuzhakov, Oleg"]
[Result "1-0"]
[WhiteElo "2306"]
[BlackElo "2362"]
[PlyCount "85"]
[EventDate "2011.01.22"]
[EventType "tourn"]
[EventRounds "11"]
[EventCountry "RUS"]
[EventCategory "2"]
[SourceTitle "EXT 2012"]
[Source "ChessBase"]
[SourceDate "2011.11.24"]
[SourceVersion "1"]
[SourceVersionDate "2011.11.24"]
[SourceQuality "1"]

1. e4 d5 2. exd5 Qxd5 3. Nc3 Qd6 4. d4 Nf6 5. Bd3 Nc6 6. Nge2 Bg4 7. f3 Bh5 8. Bf4 Qd7 9. Qd2 0-0-0 10. 0-0-0 e6 11. Rhe1 Bb4 12. Be5 Bg6 13. a3 Ba5 14. Bb5 a6 15. Ba4 b5 16. Bxf6 gxf6 17. Bb3 Qd6 18. d5 Qxh2 19. Qf4 Qxf4+ 20. Nxf4 Bxc3 21. bxc3 exd5 22. Nxd5 Rd6 23. Ne7+ Kd7 24. Rxd6+ cxd6 25. Nd5 f5 26. c4 Rb8 27. cxb5 Rxb5 28. f4 Kd8 29. Rd1 Ne7 30. Nf6 Kc7 31. Ne8+ Kb6 32. Rxd6+ Ka5 33. Nc7 Rb6 34. Rd7 Rxb3 35. cxb3 Nc6 36. Nd5 Kb5 37. Kb2 Bh5 38. Kc3 a5 39. b4 axb4+ 40. axb4 Ka6 41. Kc4 Be2+ 42. Kc5 Nb8 43. Rxf7 1-0

[Event "Tiumen Region-ch"]
[Site "Tiumen"]
[Date "2010.12.19"]
[Round "3"]
[White "Ismagambetov, Anuar"]
[Black "Fathutdinov, Gafiat"]
[Result "1-0"]
[WhiteElo "2492"]
[BlackElo "2298"]
[PlyCount "65"]
[EventDate "2010.12.18"]
[EventType "tourn"]
[EventRounds "11"]
[EventCountry "RUS"]
[EventCategory "7"]
[SourceTitle "CBM 140 Extra"]
[Source "ChessBase"]
[SourceDate "2011.03.01"]
[SourceVersion "1"]
[SourceVersionDate "2011.03.01"]
[SourceQuality "1"]

1. e4 c6 2. d4 d5 3. Nd2 dxe4 4. Nxe4 Bf5 5. Ng3 Bg6 6. h4 h6 7. Nf3 Nd7 8. h5 Bh7 9. Bd3 Bxd3 10. Qxd3 Qc7 11. Bd2 Ngf6 12. 0-0-0 e6 13. Ne4 0-0-0 14. g3 Nxe4 15. Qxe4 Nf6 16. Qe2 Bd6 17. c4 c5 18. Bc3 a6 19. Ne5 cxd4 20. Bxd4 Bxe5 21. Bxe5 Qa5 22. a3 Rxd1+ 23. Rxd1 Rd8 24. Rxd8+ Qxd8 25. Qe3 Nxh5 26. Qa7 Qd3 27. Qb8+ Kd7 28. Qxb7+ Ke8 29. Qc6+ Ke7 30. Qc5+ Ke8 31. Bd6 Qf1+ 32. Kd2 f5 33. Qa7 1-0